000 00435nam a22001697a 4500
005 20250612151342.0
008 250612b |||||||| |||| 00| 0 eng d
020 _a9780340911679
_qpbk
041 _aeng
082 _a823.92 FLE
100 _aFletcher Charlie
245 _aSilver Tongue
_c/ Charlie Fletcher
250 _a1st ed
260 _aBritain
_bHodder Childrens Book
_c2008
300 _a398p. :
_c22cm.
942 _cENGLISH
999 _c572181
_d572181